000 00465nam a2200181Ia 4500
005 20250508155024.0
008 008 250505s9999 xx 000 0 hin d
037 _aTextual
040 _aFEDL
_beng
_cFEDL
041 _ahin
_2eng
084 _a510, NCE
_qFEDL
245 0 _aankganit beejganit
245 0 _cNCERT (Delhi India)
260 _aDelhi, India
_bNCERT
_c1961
300 _a136p
942 _cTEXL
_h510, NCE
999 _c1353462
_d1353462